000 01123nam a2200277Ia 4500
003 OSt
005 20220923211216.0
006 a|||||r|||| 00| 0
007 ta
008 220922b |||||||| |||| 00| 0 hin d
020 _a9788126701254 (hbk)
_c400
024 _a317,501
037 _b9354, 27/03/2017, Rajkamal Prakashan Pvt. Ltd
_cTextual
040 _aARTS
_cARTS
_bhin
041 _2hin
_ahin
082 _aY592.2, 152Q6
100 _aश्रीनिवास, एम. एन.; चौधरी, रश्मि, अनु.
_9159675
245 0 _aआधुनिक भारत में जाति
246 _aĀdhunik bhārat mean jāti
250 _aसंस्करण 3
260 _aनयी दिल्ली
_b राजकमल प्रकाशन
_c2016
300 _a179पृ.
_ccm.
650 _aभारतीय-लोक साहित्य
_9159676
942 _hY592.2, 152Q6
_cTEXL
_2CC
999 _c296911
_d296911